| 000 | 00604nam a2200229Ia 4500 | ||
|---|---|---|---|
| 003 | OSt | ||
| 005 | 20221005121615.0 | ||
| 006 | a|||||r|||| 00| 0 | ||
| 007 | ta | ||
| 008 | 221004b |||||||| |||| 00| 0 eng d | ||
| 024 | _a44645 | ||
| 037 | _cTextual | ||
| 040 |
_aCRL _cCRL _beng |
||
| 041 |
_2eng _aeng |
||
| 082 | _aO(S5)vN5, K4 close sec | ||
| 100 |
_aHyde H Montgomery _9105885 |
||
| 245 | 0 | _aHistory of pornography | |
| 260 | _c1964 | ||
| 650 | _aENGLISH LITERATURE | ||
| 942 |
_hO(S5)vN5, K4 close sec _cTEXL _2cc |
||
| 999 |
_c1041707 _d1041707 |
||